000
00331nam a2200157Ia 4500
100
_a
Perry/S
650
_a
Philosophy
942
_c
BK
366
_f
25
654
_a
life
245
_a
How to enrich your life
260
_b
Better Yourself Books
_a
Bandra
_c
1987
082
_a
170/PER
_b
PER
300
_a
122
546
_a
ENGLISH
999
_c
19341
_d
19341